书目信息 |
| 题名: |
人文通识讲演录
|
|
| 作者: | 陆挺 , 徐宏 主编 | |
| 分册: | 文学卷 | |
| 出版信息: | 北京 文化艺术出版社 2007 |
|
| 页数: | 261页 | |
| 开本: | 23cm | |
| 丛书名: | ||
| 单 册: | ||
| 中图分类: | C53 , I106-3 | |
| 科图分类: | ||
| 主题词: | 人文科学--文集 , 文学研究--世界--文集 | |
| 电子资源: | ||
| ISBN: | 978-7-5039-3291-5 | |
| 000 | 00888nam0 2200265 45 | |
| 001 | 1237689122 | |
| 005 | 20120618085412.70 | |
| 010 | @a978-7-5039-3291-5@dCNY32.00 | |
| 100 | @a20120509d2011 ekmy0chiy0120 ea | |
| 101 | 0 | @achi |
| 102 | @aCN@b110000 | |
| 105 | @ay z 000yy | |
| 106 | @ar | |
| 200 | 1 | @a人文通识讲演录@ARen Wen Tong Shi Jiang Yan Lu@h文学卷@HWen Xue Juan@h二@HEr@f陆挺,徐宏主编 @FLu Ting, Xu Hong Zhu Bian |
| 210 | @a北京@c文化艺术出版社@d2007 | |
| 215 | @a261页@d23cm | |
| 330 | @a本书收录了《文学与人生的互证》、《中文与英文》、《学术演讲与白话文学》、《漫话鲁迅》、《漫谈法兰西文学精神》等15篇文章。 | |
| 606 | 0 | @a人文科学@j文集 |
| 606 | 0 | @a文学研究@y世界@j文集 |
| 690 | @aC53@v4 | |
| 690 | @aI106-3@v4 | |
| 701 | 0 | @a陆挺@ALu Ting@4主编 |
| 701 | 0 | @a徐宏@AXu Hong@4主编 |
| 801 | 0 | @aCN@bTSTCL@c20120604 |
| 905 | @b0818287-90@dC53@e261@f4 | |
| 人文通识讲演录.文学卷.二/陆挺,徐宏主编 .-北京:文化艺术出版社,2007 |
| 261页;23cm |
| ISBN 978-7-5039-3291-5:CNY32.00 |
| 本书收录了《文学与人生的互证》、《中文与英文》、《学术演讲与白话文学》、《漫话鲁迅》、《漫谈法兰西文学精神》等15篇文章。 |
| ● |
| 相关链接 |
|
|
|
|
正题名:人文通识讲演录
索取号:C53/261
 
预约/预借
| 序号 | 登录号 | 条形码 | 馆藏地/架位号 | 状态 | 备注 |
| 1 | 0818287 | 208182875 | 第一样本阅览室/ [索取号:C53/261] | 在馆 | |
| 2 | 0818288 | 208182884 | 第一借阅区/ [索取号:C53/261] | 在馆 | |
| 3 | 0818289 | 208182893 | 第一借阅区/ [索取号:C53/261] | 在馆 | |
| 4 | 0818290 | 208182900 | 第一借阅区/ [索取号:C53/261] | 在馆 |